Normal view
MARC view
- Firearms.
Entry Topical Term
001 - CONTROL NUMBER
- control field: 43972
003 - CONTROL NUMBER IDENTIFIER
- control field: OSt
005 - DATE AND TIME OF LATEST TRANSACTION
- control field: 20220218115104.0
008 - FIXED-LENGTH DATA ELEMENTS
- fixed length control field: 220218|| aca||aabn | a|a d
040 ## - CATALOGING SOURCE
- Original cataloging agency: OSt
- Transcribing agency: OSt
150 ## - HEADING--TOPICAL TERM
- Topical term or geographic name entry element: Firearms.
670 ## - SOURCE DATA FOUND
- Source citation: Work cat.: (OSt)16494: Griffith, David. 43947, Are pistol optics ready for duty/, ©Sept 2013-May 2016.
